000 00679nam a2200253Ia 4500
005 20260123164104.0
008 008 260114s9999 xx 000 0 eng d
020 _a9789354430732
037 _aEBOOK
040 _aCRL
040 _beng
040 _cCRL
041 _2eng
041 _aeng
084 _qCRL
100 _aDAS GUPTA, PRANAB KUMAR, MONDAL, RAMPROSAD, MONDAL, RAMPROSAD
_91105782
245 0 _aDeveloping Web Applications  Using ASP.NET and Oracle - SECOND EDITION
260 _bPHI
260 _c2013
856 _uhttps://elibrary.phindia.com/ebooks/reader/9789354430732du
942 _cEBOOK
999 _c1670905
_d1670905